Chris Pine Filmography - Statistics

General Stats
  • This quiz has been taken 148 times
    24 since last reset
  • The average score is 33 of 84
Answer Stats
Type Year Name % Correct
Film 2009 Star Trek
100%
Video Game 2013 Star Trek
100%
Film 2013 Star Trek Into Darkness
100%
Film 2017 Wonder Woman
100%
Film 2020 Wonder Woman 1984
100%
Film 2023 Dungeons & Dragons: Honor Among Thieves
90%
Film 2014 Into the Woods
90%
Film 2016 Star Trek Beyond
90%
TV Show 2009, 2017 Saturday Night Live
80%
Film 2023 Wish
80%
Film 2022 Don't Worry Darling
70%
Film 2018 Outlaw King
70%
Film 2016 The Finest Hours
70%
Film 2004 The Princess Diaries 2: Royal Engagement
70%
Film 2012 This Means War
70%
Film 2018 A Wrinkle in Time
60%
Film 2014 Horrible Bosses 2
60%
Film 2014 Jack Ryan: Shadow Recruit
60%
Film 2023 Poolman
60%
Film 2012 Rise of the Guardians
60%
Film 2022 All the Old Knives
50%
TV Show 2003 ER
50%
Film 2016 Hell or High Water
50%
Film 2006 Just My Luck
50%
Film 2018 Spider-Man: Into the Spider-Verse
50%
Film 2015 Z for Zachariah
50%
TV Show 2019, 2021 American Dad!
40%
TV Show 2004 American Dreams
40%
Film 2006 Blind Dating
40%
Film 2008 Bottle Shock
40%
TV Show 2003 CSI: Miami
40%
Theater 2009 Farragut North
40%
TV Show 2005 Six Feet Under
40%
Film 2007 Smokin' Aces
40%
Film 2022 The Contractor
40%
Film 2010 Unstoppable
40%
Music Video 2012 All I Want
30%
Film TBA Alpha Gang
30%
TV Show 2017 Angie Tribeca
30%
Short Film 2009 Beyond All Boundaries
30%
Documentary Series 2017 Breakthrough
30%
Film 2009 Carriers
30%
Film 2012 Celeste and Jesse Forever
30%
Film 2005 Confession
30%
Film 2022 Doula
30%
Theater 2007 Fat Pig
30%
Documentary 2015 Figures of Speech
30%
Web Mini-Series 2020 Home Movie: The Princess Bride
30%
TV Show 2019 I Am the Night
30%
Film 2019 Love, Antosha
30%
Film 2010 Quantum Quest: A Cassini Space Odyssey
30%
Music Video 2013 Queenie Eye
30%
TV Show 2014, 2019, 2020 Robot Chicken
30%
Film 2010 Small Town Saturday Night
30%
Film 2014 Stretch
30%
TV Show 2015-2018 SuperMansion
30%
TV Film 2006 Surrender, Dorothy
30%
Theater 2006 The Atheist
30%
Short Film 2005 The Bulls
30%
TV Show 2003 The Guardian
30%
Theater 2010 The Lieutenant of Inishmore
30%
Web Series 2015 Wet Hot American Summer: First Day of Camp
30%
Web Series 2017 Wet Hot American Summer: Ten Years Later
30%
Music Video 2018 White Ocean
30%
Short Film 2004 Why Germany?
30%
Podcast 2023 Ad Lucem
20%
Commercial 2018-Present BMW
20%
Film TBA Nowhere Fast
20%
Film TBA Run the Night
20%
Film TBA The Kidnapping of Arabella
20%
Short Film 2025 What's the Deal with Birds?
10%
Theater 2006 A Month in the Country
0%
Short Film 2008 An Inconvenient Head
0%
Commercial 2014 Armani Code Ice
0%
Film 2016 Batman v Superman: Dawn of Justice
0%
Film 2010 Chico & Rita
0%
TV Show 2014 Off Camera
0%
Theater 2002 Once in a Lifetime
0%
TV Mini-Series 2018 One Day She'll Darken
0%
TV Special 2025 SNL50: The Anniversary Special
0%
Documentary TBA Space: The New Frontier
0%
Theater 2002 The King's Stag
0%
Short Film 2014 Vampire Lawyer with Chris Pine
0%
Film 2021 Violence of Action
0%
No matching quizzes found
Score Distribution
Percent of People with Each Score
Percentile by Number Answered
Your Score History
You have not taken this quiz since the last reset